| Tag |
First Indicator |
Second Indicator |
Subfields |
| LEADER |
00000cam a2200000Ia 4500 |
| 001 |
in00002378421 |
| 005 |
20210803091428.0 |
| 006 |
m d |
| 007 |
cr cn||||||||| |
| 008 |
080103s2007 nyua sb 001 0 eng d |
| 020 |
|
|
|a 0387489142
|
| 020 |
|
|
|a 9780387489148
|
| 035 |
|
|
|a (OCoLC)187008133
|
| 035 |
|
|
|a (OCoLC)ocn187008133
|
| 037 |
|
|
|a 978-0-387-48903-2
|b Springer
|n http://www.springerlink.com
|
| 040 |
|
|
|a GW5XE
|c GW5XE
|d GW5XE
|d UtOrBLW
|
| 049 |
|
|
|a TEFA
|
| 050 |
1 |
4 |
|a SB191.R5
|b R456 2007eb
|
| 060 |
1 |
4 |
|a 2007 I-702
|
| 060 |
1 |
4 |
|a SB 191.R5
|b R4955 2007
|
| 070 |
1 |
|
|a SB191.R5
|b R456 2007
|
| 082 |
0 |
4 |
|a 633.1/8233
|2 22
|
| 245 |
0 |
0 |
|a Rice functional genomics :
|b challenges, progress and prospects /
|c edited by Narayana M. Upadhyaya.
|
| 264 |
|
1 |
|a New York :
|b Springer,
|c [2007]
|
| 264 |
|
4 |
|c ©2007
|
| 300 |
|
|
|a xxxiii, 499 pages :
|b illustrations ;
|c 25 cm.
|
| 336 |
|
|
|a text
|b txt
|2 rdacontent
|
| 337 |
|
|
|a computer
|b c
|2 rdamedia
|
| 338 |
|
|
|a online resource
|b cr
|2 rdacarrier
|
| 500 |
|
|
|a Electronic resource.
|
| 504 |
|
|
|a Includes bibliographical references and index.
|
| 533 |
|
|
|a Electronic reproduction.
|b New York :
|c Springer,
|d 2007.
|n Mode of access: World Wide Web.
|n System requirements: Web browser.
|n Title from title screen (viewed on Dec. 13, 2007).
|n Access may be restricted to users at subscribing institutions.
|
| 650 |
1 |
2 |
|a Oryza
|x genetics.
|0 https://id.nlm.nih.gov/mesh/D012275Q000235
|
| 650 |
|
0 |
|a Rice
|x Genome mapping.
|
| 650 |
|
0 |
|a Rice
|x Molecular genetics.
|
| 655 |
|
7 |
|a Electronic books.
|2 local
|
| 700 |
1 |
|
|a Upadhyaya, Narayana M.
|0 http://id.loc.gov/authorities/names/nb2007011948
|
| 710 |
2 |
|
|a SpringerLink (Online service)
|0 http://id.loc.gov/authorities/names/no2005046756
|
| 776 |
1 |
|
|c Original
|z 9780387489032
|z 0387489037
|z 9780387489148
|z 0387489142
|w (DLC) 2006939781
|w (OCoLC)76361300
|
| 856 |
4 |
0 |
|u http://proxy.library.tamu.edu/login?url=https://dx.doi.org/10.1007/0-387-48914-2
|z Connect to the full text of this electronic book
|t 0
|
| 994 |
|
|
|a C0
|b TEF
|
| 999 |
|
|
|a MARS
|
| 999 |
f |
f |
|s 3a7c4fbc-7651-3c46-a60f-1525a2587388
|i d7d1e45f-a456-3bc1-8fad-a3d9a689e5da
|t 0
|
| 952 |
f |
f |
|a Texas A&M University
|b College Station
|c Electronic Resources
|d Available Online
|t 0
|e SB191.R5 R456 2007eb
|h Library of Congress classification
|
| 998 |
f |
f |
|a SB191.R5 R456 2007eb
|t 0
|l Available Online
|